Statistics for Questions on Costa Rica

Click here to take the quiz!

General Stats

  • This quiz has been taken 113 times
    (98 since last reset)
  • The average score is 5 of 11

Answer Stats

QuestionAnswer% Correct
How many colors are on the Costa Rican Flag?3
96%
What is the capital of Costa Rica?San Jose
82%
is Costa Rica located in?Central America
73%
How many providences are in Costa Rica?7
66%
What are the colors of the Costa Rican flag?red white blue
63%
What is the national tree of Costa Rica?Guanacaste
49%
What is the largest province in Costa Rica?Alajuela
34%
What year was Costa Rica founded?1821
29%
What is the national flower of Costa Rica?guaria morada
24%
What is the largest beach in Costa Rica?conchal
2%
What is the Costa Rican way of saying the national bird of Costa Rica?Yigurro
2%

Score Distribution

Percentile by Number Answered

Percent of People with Each Score

Your Score History

You have not taken this quiz since the last reset